[Event "Schoeneck Schoebel Memorial 1st"]
[Site "Schoeneck"]
[Date "2017.12.29"]
[Round "4"]
[White "Penzel, Frank"]
[Black "Froehlich Dill, Astrid"]
[Result "0-1"]
[WhiteElo "2107"]
[BlackElo "1817"]
[PlyCount "124"]
[EventDate "2017.12.27"]
[EventType "swiss"]
[EventRounds "7"]
[EventCountry "GER"]
[SourceTitle "CBM 182 Extra"]
[Source "ChessBase"]
[SourceDate "2018.02.23"]
[SourceVersion "1"]
[SourceVersionDate "2018.02.23"]
[SourceQuality "1"]

1. e4 e6 2. d4 b6 3. Bd3 Bb7 4. Nf3 Nf6 5. Qe2 Be7 6. Nc3 0-0 7. Bg5 c5 8. dxc5 bxc5 9. e5 Ne8 10. Ne4 h6 11. Bxe7 Qxe7 12. Qe3 c4 13. Bxc4 Bxe4 14. Qxe4 Qb4+ 15. c3 Qxb2 16. 0-0 Nc6 17. Rfc1 g6 18. Qe3 Kg7 19. Qc5 Qb6 20. Qxb6 axb6 21. Rab1 Ra5 22. Rd1 Nxe5 23. Nxe5 Rxe5 24. Rxd7 Nf6 25. Rb7 Rc8 26. Bf1 Rxc3 27. R7xb6 Ra5 28. Ra6 Rxa6 29. Bxa6 Rc2 30. a4 Ra2 31. Bb5 Ne4 32. f3 Nc3 33. Rb4 Ra1+ 34. Kf2 Ra2+ 35. Kg3 g5 36. h4 Nd5 37. Rd4 Ne3 38. Rd3 Nf5+ 39. Kh3 Nxh4 40. g3 Ng6 41. Re3 h5 42. Re2 Ra3 43. Bc6 h4 44. Re1 Rc3 45. Bb7 hxg3 46. Kxg3 Ra3 47. Bc6 Kf6 48. Kf2 Ne5 49. Be4 Rxa4 50. Re2 Ra3 51. Kg2 Nd3 52. Rd2 Nf4+ 53. Kf2 Ke5 54. Rb2 Nd3+ 55. Bxd3 Rxd3 56. Rb5+ Rd5 57. Rb2 f5 58. Re2+ Kf6 59. Ra2 Rd4 60. Rb2 Ra4 61. Rc2 g4 62. fxg4 Rxg4 0-1

[Event "Boeblingen op 23rd"]
[Site "Boeblingen"]
[Date "2006.12.27"]
[Round "3"]
[White "Penzel, Frank"]
[Black "Luther, Thomas"]
[Result "0-1"]
[WhiteElo "2215"]
[BlackElo "2594"]
[PlyCount "112"]
[EventDate "2006.12.26"]
[EventType "swiss"]
[EventRounds "9"]
[EventCountry "GER"]
[SourceTitle "CBM 116 Extra"]
[Source "ChessBase"]
[SourceDate "2007.03.07"]
[SourceVersion "1"]
[SourceVersionDate "2007.03.07"]
[SourceQuality "1"]

1. e4 e6 2. d4 d5 3. exd5 exd5 4. Nf3 Nc6 5. Bb5 Bd6 6. Bg5 Nge7 7. Nc3 f6 8. Be3 0-0 9. Qd2 Bg4 10. Be2 Bb4 11. h3 Be6 12. a3 Ba5 13. b4 Bb6 14. Na4 Nf5 15. Nc5 Bxc5 16. bxc5 Nxe3 17. fxe3 b6 18. Qc3 Ne7 19. Nd2 Re8 20. Bf3 Nf5 21. Kf2 Qe7 22. e4 dxe4 23. Bxe4 Rad8 24. Bxf5 Bxf5 25. Rhe1 Qd7 26. Nf3 Be4 27. Rad1 Qf5 28. cxb6 axb6 29. Rd2 Bd5 30. Qd3 Qxd3 31. Rxe8+ Rxe8 32. Rxd3 Kf7 33. Nd2 b5 34. Rc3 c6 35. Nb3 Re4 36. Rd3 Rf4+ 37. Kg3 g5 38. Nc5 h5 39. Rd2 h4+ 40. Kh2 Rf1 41. Nd3 Ra1 42. Nb4 Rxa3 43. Nxd5 cxd5 44. Rd1 Rc3 45. Rb1 Rxc2 46. Rxb5 Ke6 47. Rb6+ Ke7 48. Rb7+ Kd6 49. Rb6+ Rc6 50. Rb2 Rc4 51. Rd2 Rc3 52. Kg1 Re3 53. Ra2 Rd3 54. Ra6+ Ke7 55. Ra4 Rd2 56. Kf1 Ke6 0-1